logo

Bir Sreshtho Munshi Abdur Rouf Library
Jhenaidah Cadet College

গল্পসমগ্র / (Record no. 10734)

MARC details
000 -LEADER
fixed length control field 00733nam a2200229 a 4500
001 - CONTROL NUMBER
JCCL Control Number 10734
003 - CONTROL NUMBER IDENTIFIER
JCCL marc code BD-JhCC
005 - DATE AND TIME OF LATEST TRANSACTION
control field 20211007134021.0
008 - FIXED-LENGTH DATA ELEMENTS--GENERAL INFORMATION
fixed length control field 180816s2016 bg |||| |||| 000 0 ben d
020 ## - INTERNATIONAL STANDARD BOOK NUMBER
International Standard Book Number 9789849146964
035 ## - SYSTEM CONTROL NUMBER
system control number (BD-JhCC)10734
040 ## - CATALOGING SOURCE
Original cataloging agency BD-JhCC
Modifying agency BD-JhCC
041 ## - LANGUAGE CODE
Language code of Book ben
082 ## - DEWEY DECIMAL CLASSIFICATION NUMBER
Classification number 891.4435
Author mark and Year JOL 2016
100 ## - MAIN ENTRY--PERSONAL NAME
Personal name জলদাস, হরিশংকর
245 ## - TITLE STATEMENT
Title গল্পসমগ্র /
Statement of responsibility, etc হরিশংকর জলদাস
260 ## - PUBLICATION, DISTRIBUTION, ETC. (IMPRINT)
Place of publication, distribution, etc ঢাকা :
Name of publisher, distributor, etc মাওলা ব্রাদার্স,
Date of publication, distribution, etc ২০১৬.
300 ## - PHYSICAL DESCRIPTION
Pagination ৩৯০ পৃ. :
Dimensions ২১ সেমি.
650 ## - SUBJECT ADDED ENTRY--TOPICAL TERM
Topical term or geographic name as entry element বাংলা ছোট গল্প
650 ## - SUBJECT ADDED ENTRY--TOPICAL TERM
Topical term or geographic name as entry element Bengali Short story
942 ## - ADDED ENTRY ELEMENTS (KOHA)
Source of classification or shelving scheme Dewey Decimal Classification
Koha item type Books
Koha issues (borrowed), all copies 7
Holdings
Source of classification or shelving scheme volume number Damaged status Not for loan Home library Current library Shelving location Date of accession Cost, normal purchase price Total Checkouts Full call number Barcode Date last seen Date checked out Copy number Koha item type Method of acquisition Currency
Dewey Decimal Classification V-1     JCC Rouf Library JCC Rouf Library General Stacks 08/16/2018 450.00 9 891.4435 JOL 2016 14500 02/09/2026 02/08/2026 C-1 Books    
Dewey Decimal Classification V-1     JCC Rouf Library JCC Rouf Library General Stacks 06/01/2023 338.00 4 891.4435 JOL 2016 18034 06/14/2025 05/26/2025 C-2 Books Purchase BDT
Dewey Decimal Classification V-3     JCC Rouf Library JCC Rouf Library General Stacks 06/13/2023 300.00 3 891.4435 JOL 2016 17986 08/04/2025 07/20/2025 C-1 Books Purchase BDT

JCC Library | Contacts | JCC Home

Last Update on 23 September 2017
Copyright @ 2017-2020 JCC Rouf Library
Rouf Library, Jhenidah Cadet College (JCC), Bangladesh